| 000 | 00336nam a22001337a 4500 | ||
|---|---|---|---|
| 999 |
_c17594 _d17594 |
||
| 008 | 190328b xxu||||| |||| 00| 0 eng d | ||
| 020 | _a8170004918 | ||
| 050 |
_aP96 _b.A45 2006 c.1 |
||
| 100 | _aAli, Amjad | ||
| 245 | _aIntroducing News Media | ||
| 260 |
_aNew Delhi _bEss Ess publications _c2006 |
||
| 300 | _a253p. | ||
| 942 |
_2lcc _cBK |
||